000 00875cam a22003017a 4500
001 002177
003 armpunfd
005 20241218155515.0
008 081118e0####xx#a##########000#0#und#d
040 _aarmpunfd
_carmpunfd
080 _a349.6 B 862
100 1 0 _a Hutchinson, Tomas
245 1 0 _aDerecho ambiental
260 _a Uenos Aires : Colegio De Abogados De La Provincia De Buenos Aires
_b200?.
650 7 _a Derecho Ambiental
_2LEMB
650 7 _a Impacto Ambiental
_2LEMB
650 7 _a Politica Ambiental
_2LEMB
650 7 _a Tutela Del Ambiente
_2LEMB
700 1 0 _aBueres, Alberto
700 1 0 _aDonna, Edgardo
700 1 0 _aGozaini, Osvaldo
700 1 0 _aSabsay, Daniel
942 _cLB
_2cdu
945 _aCatalis
_d2010-08-19
945 _aCatalis
_d2010-08-19
945 _aCatalis
_d2010-08-19
945 _aCatalis
_d2010-08-19
999 _c2167
_d232671